| 000 | 03039nam0a22003731 4500 | ||
|---|---|---|---|
| 001 | rc\902204 | ||
| 005 | 20240503174519.0 | ||
| 035 | _a(NLR Aleph) 006251170 | ||
| 090 |
_a6753388 _c6753388 |
||
| 100 | _a20041129d1983 u y0rusy50 ca | ||
| 101 | 0 | _arus | |
| 102 | _aRU | ||
| 105 | _aa ||||||||| | ||
| 200 | 1 |
_aРассказы о Ленине _eСборник _eДля сред. шк. возраста _fСоставитель В. Путилина _g[Предисл. В. Канивца] |
|
| 205 | _a2-е изд. | ||
| 210 |
_aКиев _cВеселка _d1983 |
||
| 215 |
_a248 с. _cил. _d21 |
||
| 327 | 1 | _aСодерж.: В.И. Ленин: Из. кн. "В.И. Ленин" / М. Горький. Наш самый лучший друг: Из воспоминаний / Н.К. Крупская. На Старом Венце: Из кн. "Сердце матери" / З. Воскресенская. В гимназии: Из кн. "Детские и школьные годы Ильича" / А.И. Ульянова. Владимира Ильича / В. Бонч-Бруевич. Шахматы / Д.И. Ульянов. Страшное письмо / Л. Кон. Билет по истории / М. Шагинян. Первая бастилия: Из кн. / Ю. Яковлев. В зимний день / М. Прилежаева, и рассказы др. авт. | |
| 464 | 0 |
_12001#$aВ.И. Ленин _1700#1$aГорький$bМ.$f1868-1936$gМаксим$3RU\NLR\auth\77104 _tВ.И. Ленин _aГорький, Максим (1868-1936) |
|
| 464 | 0 |
_12001#$aНаш самый лучший друг _1700#1$aКрупская$bН.К. _tНаш самый лучший друг _aКрупская, Н.К. |
|
| 464 | 0 |
_12001#$aНа Старом Венце _1700#1$aВоскресенская$bЗ. _tНа Старом Венце _aВоскресенская, З. |
|
| 464 | 0 |
_12001#$aВ гимназии _1700#1$aУльянова$bА.И. _tВ гимназии _aУльянова, А.И. |
|
| 464 | 0 |
_12001#$aДень Владимира Ильича _1700#1$aБонч-Бруевич$bВ. _tДень Владимира Ильича _aБонч-Бруевич, В. |
|
| 464 | 0 |
_12001#$aШахматы _1700#1$aУльянов$bД.И. _tШахматы _aУльянов, Д.И. |
|
| 464 | 0 |
_12001#$aСтрашное письмо _1700#1$aКон$bЛ. _tСтрашное письмо _aКон, Л. |
|
| 464 | 0 |
_12001#$aБилет по истории _1700#1$3RU\NLR\AUTH\7727470$aШагинян$bМ. С.$f1888-1982$gМариэтта Сергеевна _tБилет по истории _aШагинян, Мариэтта Сергеевна (1888-1982) |
|
| 464 | 0 |
_12001#$aПервая бастилия _1700#1$aЯковлев$bЮ. _tПервая бастилия _aЯковлев, Ю. |
|
| 464 | 0 |
_12001#$aВ зимний день _1700#1$aПрилежаева$bМ. _tВ зимний день _aПрилежаева, М. |
|
| 801 | 0 |
_aRU _bNLR _gpsbo |
|
| 801 | 1 |
_aRU _bELAR _2rusmarc |
|
| 852 |
_aNLR _j84-3/2009 |
||
| 942 | _cBOOK | ||
| 980 | _aNB | ||